All About Snape (difficult Harry Potter trivia) - Statistics

General Stats
  • This quiz has been taken 4,603 times
    3,673 since last reset
  • The average score is 10 of 16
Answer Stats
Hint Answer % Correct
First name Severus
99%
He doesn't need a broom to do this fly
87%
In Harry's second year, he defeats this teacher in a wizard duel Gilderoy Lockhart
85%
The name he invents for himself at school Half-Blood Prince
82%
His patronus takes this form doe
79%
His robes make him look like this flying mammal bat
76%
His hair has this unfortunate texture greasy and lank
73%
He invents this cutting curse sectumsempra
68%
He was this old when he began teaching 21
62%
Mother's first name Eileen
60%
He's a master of this thought-blocking skill occlumency
52%
Father's first name Tobias
42%
At home, we see him drink this alcaholic beverage elf-made wine
37%
"DON'T CALL ME ______!" COWARD
35%
The street where he grew up Spinner's End
33%
Mother's maiden name Prince
11%
No matching quizzes found
Score Distribution
Percent of People with Each Score
Percentile by Number Answered
Your Score History
You have not taken this quiz since the last reset